All super smash bros ultimate items - Statistics

General Stats
  • This quiz has been taken 4 times
  • The average score is 19 of 82
Answer Stats
Hint Answer % Correct
Exploding Fake Smash Ball
100%
Final Smash Smash Ball
100%
Shooting Banana Gun
75%
Throwing Banana Peel
75%
Throwing Bob-omb
75%
Helping Assist Trophy
50%
Throwing Cucco
50%
Shooting Fire Flower
50%
Recovery Food
50%
Recovery Heart Container
50%
Battering Home-Run Bat
50%
Battering Killing Edge
50%
Helping Master Ball
50%
Transforming Metal Box
50%
Transforming Poison Mushroom
50%
Helping Poké Ball
50%
Shooting Ray Gun
50%
Punching Sandbag
50%
Transforming Super Mushroom
50%
Gear Back Shield
25%
Battering Beam Sword
25%
Throwing Beastball
25%
Throwing Beehive
25%
Throwing Beetle
25%
Throwing Bombchu
25%
Throwing Boomerang
25%
Throwing Boss Galaga
25%
Transforming Bunny Hood
25%
Throwing Deku Nut
25%
Shooting Drill
25%
Recovery Fairy Bottle
25%
Battering Fire Bar
25%
Gear Franklin Badge
25%
Shooting Gust Bellows
25%
Recovery Healing Field
25%
Throwing Hocotate Bomb
25%
Throwing Hothead
25%
Throwing Motion-SensorBomb
25%
Throwing Mr. Saturn
25%
Battering Ore Club
25%
Throwing Smart Bomb
25%
Throwing Smoke Ball
25%
Effect Special Flag
25%
Shooting Staff
25%
Shooting Steel Diver
25%
Gear Super Leaf
25%
Transforming Superspicy Curry
25%
Transforming Super Star
25%
Transforming Timer
25%
Transforming Warp Star
25%
Throwing X Bomb
25%
Throwing Black Hole
0%
Exploding Blast Box
0%
Exploding Bomber
0%
Transforming Bullet Bill
0%
Throwing Bumper
0%
Carrying Container
0%
Combining Daybreak Parts
0%
Battering Death's Scythe
0%
Combining Dragoon Parts
0%
Throwing Freezie
0%
Battering Golden Hammer
0%
Throwing Gooey Bomb
0%
Throwing Green Shell
0%
Battering Hammer
0%
Recovery Healing Sprout
0%
Throwing Killer Eye
0%
Transforming Lightning
0%
Battering Lip's Stick
0%
Recovery Maxim Tomato
0%
Shooting Nintendo Scope
0%
Throwing Pitfall
0%
Throwing POW Block
0%
Shooting Rage Blaster
0%
Shooting Ramblin' EvilMushroom
0%
Gear Rocket Belt
0%
Gear Screw Attack
0%
Throwing Soccer Ball
0%
Throwing Spiny Shell
0%
Battering Star Rod
0%
Effect Super Launch Star
0%
Throwing Unira
0%
No matching quizzes found
Score Distribution
Percent of People with Each Score
Percentile by Number Answered
Your Score History
You have not taken this quiz